• 首页
  • 本馆介绍
  • 公告通知
  • 最新文献
  • 馆藏检索
  • 电子资源
  • 读者导购
  • 参考咨询
  • 我的图书馆
  • 登录
  • 详细信息显示
  • 放入我的书架
  • 预约/预借图书
  • 作者相关作品
  • 分类相关作品
  • 丛书相关作品
  • 出版社相关作品

书目信息

  • 表格格式
  • 工作单格式
  • 卡片格式
题名:
无形资产会计演进及经济增长贡献研究
    
 
作者: 游宇 著
分册:  
出版信息: 北京   中国时代经济出版社有限公司  2020.11
页数: 204页
开本: 24cm
丛书名:
单 册:
中图分类: F273.4
科图分类:
主题词: 企业管理--qi ye guan li--无形资产管理--研究
电子资源:
ISBN: 978-7-5119-3032-3
000 01172nam0 2200229 450
001 2159543327
005 20211011172912.0
010    @a978-7-5119-3032-3@dCNY45.00
100    @a20210317d2020 em y0chiy0120 ea
101 0  @achi
102    @aCN@b110000
105    @ay z 000yy
106    @ar
200 1  @a无形资产会计演进及经济增长贡献研究@Awu xing zi chan hui ji yan jin ji jing ji zeng chang gong xian yan jiu@f游宇著
210    @a北京@c中国时代经济出版社有限公司@d2020.11
215    @a204页@d24cm
330    @a本书探讨无形资产的产生与发展过程,阐述从无形资产思想的启蒙到无形资产逐步认知,直至无形资产正式以法律形式确立的演进路径。继而对无形资产的概念界定与分类情况进行对比分析,并根据本书研究需要提出无形资产相关概念与分类标准,对国内外已有研究成果进行梳理和评述,找寻无形资产会计理论演进与经济增长贡献的理论支持和经验证据。本书立足国内外无形资产会计理论演进历程,研究了无形资产基础理论与应用理论的演进情况,并从国家层面与企业层面就无形资产对经济增长的贡献作用进行了测度与检验。
606 0  @a企业管理@Aqi ye guan li@x无形资产管理@x研究
690    @aF273.4@v5
701  0 @a游宇@Ayou yu@4著
801  0 @aCN@b百万庄@c20211009
905    @b1308504-07@dF273.4@e1825@f4
    
    无形资产会计演进及经济增长贡献研究/游宇著.-北京:中国时代经济出版社有限公司,2020.11
    204页;24cm
    
    
    ISBN 978-7-5119-3032-3:CNY45.00
    本书探讨无形资产的产生与发展过程,阐述从无形资产思想的启蒙到无形资产逐步认知,直至无形资产正式以法律形式确立的演进路径。继而对无形资产的概念界定与分类情况进行对比分析,并根据本书研究需要提出无形资产相关概念与分类标准,对国内外已有研究成果进行梳理和评述,找寻无形资产会计理论演进与经济增长贡献的理论支持和经验证据。本书立足国内外无形资产会计理论演进历程,研究了无形资产基础理论与应用理论的演进情况,并从国家层面与企业层面就无形资产对经济增长的贡献作用进行了测度与检验。
●
相关链接 在E读中查询图书 在五车中查询图书 在当当中查询图书 在豆瓣中查询图书


正题名:无形资产会计演进及经济增长贡献研究     索取号:F273.4/1825         预约/预借

序号 登录号 条形码 馆藏地/架位号 状态 备注
1 1308504   213085043   第一样本阅览室/ [索取号:F273.4/1825] 在馆    
2 1308505   213085052   第一借阅区/ [索取号:F273.4/1825] 在馆    
3 1308506   213085061   第一借阅区/ [索取号:F273.4/1825] 在馆    
4 1308507   213085070   第一借阅区/ [索取号:F273.4/1825] 在馆    
唐山师范学院图书馆 欢迎您!
大连网信软件有限公司© 版权所有